000 00729nam a2200253 a 4500
001 adlib96000001
003 ViArRB
005 200902210153555.7
008 960221s1955 dcuabcdjdbkoqu001 0deng d
020 _a
022 _a
040 _aAdlib
082 _a547
245 _aBasic principles of organic chemistry
250 _a
260 _aCalifornia
_bW A Benjamin
_c1967
300 _axxv,1315p.
_c
500 _a
100 _aRoberts, John D.
_e
700 _aCaserio, Marjorie C.
_a
942 _cBK
653 _aPhysical organic chemistry
_aOrganic chemistry
_aOrganic reactions
952 _w2010-06-16
_p00002890
_r2011-08-04
_40
_00
_bUL
_10
_o547 ROB'73
_d2010-06-16
_70
_yBK
_s2011-07-27
_l2
_aUL
999 _c15503
_d15502